Way to liberation Mokṣa-mārga : (Record no. 66791)

MARC details
000 -LEADER
fixed length control field 01069nam a22002897a 4500
005 - DATE AND TIME OF LATEST TRANSACTION
control field 20130924115339.0
010 ## - LCCN (DPL NO)
LC control number ENG-105300
020 ## - INTERNATIONAL STANDARD BOOK NUMBER
International Standard Book Number 9788124605981
Terms of availability 700.00
020 ## - INTERNATIONAL STANDARD BOOK NUMBER
International Standard Book Number 812460598x
Terms of availability 700.00
035 ## - SYSTEM CONTROL NUMBER
System control number EN-88833
035 ## - SYSTEM CONTROL NUMBER
System control number B-492028-033
037 ## - SOURCE OF ACQUISITION
Source of stock number/acquisition DBAD/PUB
037 ## - SOURCE OF ACQUISITION
Source of stock number/acquisition Virtuous Pub./Ven
082 ## - DEWEY DECIMAL CLASSIFICATION NUMBER
Classification number 181.4
100 ## - MAIN ENTRY--PERSONAL NAME
Personal name Sribhashyam, T. K.
245 ## - TITLE STATEMENT
Title Way to liberation Mokṣa-mārga :
Statement of responsibility, etc by T. K. Sribhashyam [and] Alamelu Sheshadri
Remainder of title an itinerary in Indian philosophy /
246 ## - VARYING FORM OF TITLE
Title proper/short title Mokṣa-mārga
260 ## - PUBLICATION, DISTRIBUTION, ETC. (IMPRINT)
Place of publication, distribution, etc New Delhi
Name of publisher, distributor, etc D.K. Printworld
Date of publication, distribution, etc 2011
270 ## - ADDRESS
Address 'Srikunj', F-52, Bali Nagar, Ramesh Nagar Metro Station
City New Delhi
Postal code 110015
300 ## - PHYSICAL DESCRIPTION
Extent xxii,300p.
Dimensions 23cm(Hb)
Other physical details ill. (some col.)
500 ## - GENERAL NOTE
General note Includes bibliographical references (p. [286]-292) and index.
650 ## - SUBJECT ADDED ENTRY--TOPICAL TERM
Topical term or geographic name as entry element Mokṣa
650 ## - SUBJECT ADDED ENTRY--TOPICAL TERM
Topical term or geographic name as entry element Hindu philosophy.
700 ## - ADDED ENTRY--PERSONAL NAME
9 (RLIN) 47196
Personal name Sheshadri, Alamelu.
942 ## - ADDED ENTRY ELEMENTS (KOHA)
Source of classification or shelving scheme Dewey Decimal Classification
Item type English Books
Call number suffix SRI
Classification part 181.4
Holdings
Withdrawn status Lost status Not for loan Collection code Home library Current library Date acquired Source of acquisition Cost, normal purchase price Full call number Barcode Copy number Cost, replacement price Koha item type
    Not For Loan Non-fiction D.B.Act.Division D.B.Act.Division 17/05/2012 DBAD/PUB 700.00 181.4 SRI EN-88833 1 700.00 English Books
      Non-fiction Janak Puri Janak Puri 24/09/2013 Virtuous Pub./IN 1304/17.01.13/130/18.12.12/23.01.13 700.00 181.4 SRI B-492029 1 700.00 English Books
      Non-fiction Karol Bagh Karol Bagh 24/09/2013 Virtuous Pub./IN 1304/17.01.13/130/18.12.12/23.01.13 700.00 181.4 SRI B-492032 1 700.00 English Books
      Non-fiction Patel Nagar Patel Nagar 24/09/2013 Virtuous Pub./IN 1304/17.01.13/130/18.12.12/23.01.13 700.00 181.4 SRI B-492028 1 700.00 English Books
      Non-fiction Sarojini Nagar Sarojini Nagar 24/09/2013 Virtuous Pub./IN 1304/17.01.13/130/18.12.12/23.01.13 700.00 181.4 SRI B-492030 1 700.00 English Books
      Non-fiction Shahdara Branch Shahdara Branch 24/09/2013 Virtuous Pub./IN 1304/17.01.13/130/18.12.12/23.01.13 700.00 181.4 SRI B-492033 1 700.00 English Books
      Non-fiction Vinoba Puri Vinoba Puri 24/09/2013 Virtuous Pub./IN 1304/17.01.13/130/18.12.12/23.01.13 700.00 181.4 SRI B-492031 1 700.00 English Books

© Delhi Public Library
Hit Counter
free hit counter